Kainuun kuntien vaakunat 2025 (keltainen laatikko) - Statistics

Yleistilastot
  • Tätä visaa on pelattu 140 kertaa
    134 viimeisimmän päivityksen jälkeen
  • Keskiarvotulos 7 / 8
Vastaustilastot
Kuvavisa Vastaus % Oikein
Kajaani
100%
Ristijärvi
95%
Kuhmo
93%
Puolanka
93%
Paltamo
89%
Suomussalmi
89%
Sotkamo
88%
Hyrynsalmi
86%
Ehtoja vastaavia visoja ei löytynyt
Tulosjakauma
Jokaisen tuloksen saaneiden osuus
Persentiili vastausten määrän mukaan
Tuloshistoriasi
Et ole pelannut tätä visaa sen viimeisimmän päivityksen jälkeen